[Event "Voronezh op-B 14th"]
[Site "Voronezh"]
[Date "2010.06.19"]
[Round "7"]
[White "Nazarov, Ilya"]
[Black "Demikhov, Vladislav"]
[Result "1/2-1/2"]
[WhiteElo "1891"]
[BlackElo "2114"]
[PlyCount "167"]
[EventDate "2010.06.12"]
[EventType "swiss"]
[EventRounds "9"]
[EventCountry "RUS"]
[SourceTitle "CBM 137 Extra"]
[Source "ChessBase"]
[SourceDate "2010.09.01"]
[SourceVersion "1"]
[SourceVersionDate "2010.09.01"]
[SourceQuality "1"]

1. Nf3 g6 2. g3 Bg7 3. Bg2 e5 4. d3 Nc6 5. e4 d6 6. c3 Nge7 7. 0-0 0-0 8. Nbd2 h6 9. h3 Be6 10. Nh2 Qd7 11. g4 g5 12. Re1 Ng6 13. Ndf1 Nf4 14. Ng3 d5 15. Nf5 Rad8 16. Bxf4 exf4 17. exd5 Bxd5 18. Bxd5 Qxd5 19. d4 Rfe8 20. a3 Bf8 21. Qc2 b5 22. a4 a6 23. axb5 axb5 24. Qd1 Re6 25. Qf3 Qc4 26. Red1 Re2 27. Ra6 Ne5 28. Qg2 Nd3 29. Rc6 f3 30. Qxf3 Ne5 31. Rxc4 Nxf3+ 32. Nxf3 bxc4 33. Kf1 Rxb2 34. Ne5 Rc2 35. Nxc4 Rxc3 36. Nce3 Kh7 37. Kg2 Bd6 38. Nd5 Rc2 39. Nf6+ Kg6 40. Ne4 Bc5 41. Ne3 Ra2 42. Nxc5 Re8 43. Nf5 Ree2 44. Nd3 Red2 45. Ne5+ Kf6 46. Rxd2 Rxd2 47. Nf3 Rd1 48. Nxh6 Kg6 49. Nf5 f6 50. Nh2 Kf7 51. Nf1 Ra1 52. N1e3 Ke6 53. Ng7+ Kf7 54. Nh5 Ra4 55. Nf5 Ra3 56. Nhg3 Rd3 57. Ne4 Rd1 58. Nc5 Ra1 59. Kf3 Ra3+ 60. Ne3 Ra2 61. Nf5 Ra3+ 62. Kg2 Ra2 63. h4 gxh4 64. Nxh4 Rd2 65. Nf5 Ra2 66. Kf3 Ke8 67. Ke3 Kf7 68. f3 Ra1 69. Ke4 c6 70. Ne3 Re1 71. Kd3 Ra1 72. Nc2 Rb1 73. Ke4 Rb2 74. Ne3 Rb4 75. Kd3 Rb1 76. d5 cxd5 77. Nxd5 Rb5 78. Kd4 Rb1 79. Nd3 Ra1 80. Ne3 Ra5 81. Nf4 Rb5 82. Nh5 f5 83. Nf4 fxg4 84. fxg4 1/2-1/2

[Event "Voronezh op-B 14th"]
[Site "Voronezh"]
[Date "2010.06.16"]
[Round "5"]
[White "Artemov, Nikita"]
[Black "Demikhov, Vladislav"]
[Result "1/2-1/2"]
[WhiteElo "1953"]
[BlackElo "2114"]
[PlyCount "67"]
[EventDate "2010.06.12"]
[EventType "swiss"]
[EventRounds "9"]
[EventCountry "RUS"]
[SourceTitle "CBM 137 Extra"]
[Source "ChessBase"]
[SourceDate "2010.09.01"]
[SourceVersion "1"]
[SourceVersionDate "2010.09.01"]
[SourceQuality "1"]

1. e4 c5 2. Nf3 e6 3. d4 cxd4 4. Nxd4 Nc6 5. Be3 Qc7 6. Nc3 a6 7. Bd3 Nge7 8. 0-0 Nxd4 9. Bxd4 Nc6 10. Be3 b5 11. f4 Bb7 12. f5 Ne5 13. Qh5 Bc5 14. Bxc5 Qxc5+ 15. Kh1 0-0-0 16. Qe2 Kb8 17. a3 Rc8 18. Rad1 g6 19. f6 h5 20. Na2 g5 21. a4 h4 22. axb5 axb5 23. b4 Qc7 24. Nc1 h3 25. g3 d5 26. Nb3 Nxd3 27. cxd3 dxe4 28. dxe4 Qc4 29. Qxc4 Rxc4 30. Nc5 Rc8 31. Rd7 Rc7 32. Rd8+ Rc8 33. Rd7 Rc7 34. Rd8+ 1/2-1/2

[Event "Voronezh op-B 14th"]
[Site "Voronezh"]
[Date "2010.06.15"]
[Round "4"]
[White "Demikhov, Vladislav"]
[Black "Petukhov, Dmitry"]
[Result "0-1"]
[WhiteElo "2114"]
[BlackElo "2286"]
[PlyCount "124"]
[EventDate "2010.06.12"]
[EventType "swiss"]
[EventRounds "9"]
[EventCountry "RUS"]
[SourceTitle "CBM 137 Extra"]
[Source "ChessBase"]
[SourceDate "2010.09.01"]
[SourceVersion "1"]
[SourceVersionDate "2010.09.01"]
[SourceQuality "1"]

1. e4 c5 2. c3 Nf6 3. e5 Nd5 4. d4 cxd4 5. Nf3 e6 6. cxd4 d6 7. Nc3 Nxc3 8. bxc3 Qc7 9. Bd2 Nd7 10. exd6 Bxd6 11. Bd3 0-0 12. 0-0 e5 13. Re1 f5 14. Qb3+ Kh8 15. Ng5 Nf6 16. dxe5 Bxe5 17. h3 h6 18. Nf3 Ne4 19. Bxe4 fxe4 20. Nh4 Bh2+ 21. Kh1 Bf5 22. Nxf5 Rxf5 23. Be3 Be5 24. Rad1 Bf6 25. Qe6 Re5 26. Qd7 Re7 27. Qxc7 Rxc7 28. Bd4 Re8 29. Re2 Rd7 30. Rb1 b6 31. Rb4 Bxd4 32. Rxd4 Rde7 33. Re3 Kg8 34. Kg1 Kf7 35. Kf1 Kf6 36. Ke2 Re5 37. Ra4 R8e7 38. h4 Kf5 39. Rg3 Rd5 40. Rd4 Rxd4 41. cxd4 Rc7 42. Ra3 Ke6 43. Ke3 Kd5 44. g3 Rf7 45. Ra4 a5 46. Ke2 Rf3 47. Ke1 Rd3 48. Ke2 h5 49. Ke1 Rxd4 50. Ra3 a4 51. Ke2 b5 52. f3 Kc4 53. fxe4 Rxe4+ 54. Kd2 Kb4 55. Rf3 a3 56. Kd3 Re1 57. Rf4+ Ka5 58. Rf7 Ra1 59. Kc3 b4+ 60. Kb3 Rb1+ 61. Kc4 Rc1+ 62. Kd4 Rc2 0-1

[Event "Voronezh Region-ch"]
[Site "Voronezh"]
[Date "2009.09.19"]
[Round "8.1"]
[White "Demikhov, Vladislav"]
[Black "Manukovsky, Vladimir"]
[Result "1/2-1/2"]
[WhiteElo "2123"]
[BlackElo "2206"]
[PlyCount "20"]
[EventDate "2009.09.11"]
[EventType "swiss"]
[EventRounds "9"]
[EventCountry "RUS"]
[SourceTitle "EXT 2022"]
[Source "ChessBase"]
[SourceDate "2021.10.06"]
[SourceVersion "1"]
[SourceVersionDate "2021.10.06"]
[SourceQuality "1"]

1. Nf3 Nf6 2. g3 c5 3. Bg2 Nc6 4. 0-0 g6 5. c4 Bg7 6. Nc3 0-0 7. e4 d6 8. d3 Ne8 9. Bg5 Nc7 10. Qd2 Ne6 1/2-1/2

[Event "Voronezh op-B 13th"]
[Site "Voronezh"]
[Date "2009.06.20"]
[Round "9"]
[White "Demikhov, Vladislav"]
[Black "Abramova, Yulia"]
[Result "1-0"]
[WhiteElo "2141"]
[BlackElo "1992"]
[PlyCount "59"]
[EventDate "2009.06.12"]
[EventType "swiss"]
[EventRounds "9"]
[EventCountry "RUS"]
[SourceTitle "CBM 130 Extra"]
[Source "ChessBase"]
[SourceDate "2009.07.02"]
[SourceVersion "2"]
[SourceVersionDate "2009.07.15"]
[SourceQuality "1"]

1. e4 e5 2. Nf3 Nf6 3. Nxe5 d6 4. Nf3 Nxe4 5. Nc3 Nxc3 6. dxc3 Be7 7. Bf4 Nc6 8. Qd2 Bg4 9. 0-0-0 Qd7 10. Bb5 a6 11. Ba4 b5 12. Bb3 Na5 13. Bd5 c6 14. Be4 0-0 15. b3 d5 16. Ne5 Qe6 17. f3 dxe4 18. fxg4 Rfd8 19. Qe2 g5 20. Bg3 f6 21. Nd3 Ba3+ 22. Kb1 Re8 23. Rhe1 Kf7 24. Qf2 Nc4 25. bxc4 bxc4 26. Nb4 Reb8 27. Rd6 a5 28. Rxe6 axb4 29. Qxf6+ Kg8 30. Qxg5+ 1-0

[Event "Voronezh op-B 13th"]
[Site "Voronezh"]
[Date "2009.06.18"]
[Round "7"]
[White "Demikhov, Vladislav"]
[Black "Andreev, Volodymyr"]
[Result "1-0"]
[WhiteElo "2141"]
[BlackElo "1950"]
[PlyCount "69"]
[EventDate "2009.06.12"]
[EventType "swiss"]
[EventRounds "9"]
[EventCountry "RUS"]
[SourceTitle "CBM 130 Extra"]
[Source "ChessBase"]
[SourceDate "2009.07.02"]
[SourceVersion "2"]
[SourceVersionDate "2009.07.15"]
[SourceQuality "1"]

1. e4 c5 2. Nf3 Nc6 3. c3 d6 4. d4 Nf6 5. d5 Ne5 6. Nxe5 dxe5 7. Bd3 a6 8. c4 e6 9. 0-0 exd5 10. exd5 Bd6 11. Nc3 Qc7 12. Bg5 Be7 13. Re1 h6 14. Bh4 Bg4 15. f3 Bh5 16. Qe2 Bd6 17. Bxf6 gxf6 18. Ne4 Qe7 19. a3 0-0-0 20. b4 cxb4 21. axb4 Bxb4 22. c5 Bxc5+ 23. Kh1 Rxd5 24. Bxa6 f5 25. Bc4 Rd4 26. Nxc5 Qxc5 27. Rec1 Kb8 28. Bxf7 Bxf3 29. gxf3 Qd6 30. Qa2 Qa6 31. Qxa6 bxa6 32. Rxa6 Rd7 33. Be6 Rc7 34. Rxc7 Kxc7 35. Bxf5 1-0

[Event "Voronezh op-B 13th"]
[Site "Voronezh"]
[Date "2009.06.17"]
[Round "6"]
[White "Evteev, Alexey"]
[Black "Demikhov, Vladislav"]
[Result "0-1"]
[WhiteElo "1888"]
[BlackElo "2141"]
[PlyCount "56"]
[EventDate "2009.06.12"]
[EventType "swiss"]
[EventRounds "9"]
[EventCountry "RUS"]
[SourceTitle "CBM 130 Extra"]
[Source "ChessBase"]
[SourceDate "2009.07.02"]
[SourceVersion "2"]
[SourceVersionDate "2009.07.15"]
[SourceQuality "1"]

1. e4 d6 2. d4 Nf6 3. Nc3 g6 4. Nf3 Bg7 5. Bc4 c6 6. 0-0 0-0 7. h3 b5 8. Bd3 b4 9. Ne2 Nbd7 10. Bd2 a5 11. c3 c5 12. Qc2 Bb7 13. Ng3 Rc8 14. d5 Nb6 15. c4 a4 16. Qc1 Re8 17. a3 b3 18. Nh2 e6 19. Bg5 Qc7 20. f4 exd5 21. exd5 Nfxd5 22. f5 Bd4+ 23. Kh1 Ne3 24. Bxe3 Rxe3 25. fxg6 hxg6 26. Ng4 Rxg3 27. Nh6+ Kg7 28. Rxf7+ Qxf7 0-1

[Event "Voronezh op-B 13th"]
[Site "Voronezh"]
[Date "2009.06.16"]
[Round "5"]
[White "Demikhov, Vladislav"]
[Black "Skorobagatykh, Andrey"]
[Result "1-0"]
[WhiteElo "2141"]
[BlackElo "1919"]
[PlyCount "63"]
[EventDate "2009.06.12"]
[EventType "swiss"]
[EventRounds "9"]
[EventCountry "RUS"]
[SourceTitle "CBM 130 Extra"]
[Source "ChessBase"]
[SourceDate "2009.07.02"]
[SourceVersion "2"]
[SourceVersionDate "2009.07.15"]
[SourceQuality "1"]

1. e4 c5 2. Nc3 Nc6 3. Bb5 a6 4. Bxc6 dxc6 5. d3 e5 6. Nf3 Bd6 7. a4 a5 8. Be3 Ne7 9. h3 Bd7 10. Qd2 Qc7 11. 0-0 0-0 12. Nh4 Rad8 13. Ne2 f5 14. exf5 Nxf5 15. Nxf5 Bxf5 16. Qc3 Qe7 17. Ng3 e4 18. Nxf5 Rxf5 19. Qc4+ Kh8 20. dxe4 Qh4 21. Rad1 Rf3 22. Qe6 Rf6 23. Qg4 Qxg4 24. hxg4 Rdf8 25. f4 Be7 26. Rd7 Bd6 27. g5 R8f7 28. gxf6 Rxd7 29. Rd1 gxf6 30. e5 fxe5 31. fxe5 Re7 32. exd6 1-0

[Event "Voronezh CC-ch"]
[Site "Voronezh"]
[Date "2008.10.17"]
[Round "8"]
[White "Polyansky, Viktor"]
[Black "Demikhov, Vladislav"]
[Result "1/2-1/2"]
[WhiteElo "2080"]
[BlackElo "2138"]
[PlyCount "111"]
[EventDate "2008.10.10"]
[EventType "swiss"]
[EventRounds "9"]
[EventCountry "RUS"]
[SourceTitle "EXT 2010"]
[Source "ChessBase"]
[SourceDate "2010.11.25"]
[SourceVersion "1"]
[SourceVersionDate "2010.11.25"]
[SourceQuality "1"]

1. e4 c5 2. Nf3 e6 3. d4 cxd4 4. Nxd4 Nc6 5. Nc3 Qc7 6. Be2 a6 7. 0-0 Nf6 8. Kh1 Be7 9. f4 d6 10. f5 e5 11. Nb3 b5 12. Bg5 Bb7 13. Bxf6 Bxf6 14. Nd5 Qd8 15. Nxf6+ Qxf6 16. Bf3 0-0 17. Qd2 Rfd8 18. c3 Rac8 19. a4 d5 20. exd5 Ne7 21. axb5 axb5 22. Qe2 Bxd5 23. Bxd5 Rxd5 24. Nd2 Nxf5 25. g4 Ng3+ 26. hxg3 Qh6+ 27. Qh2 Qxh2+ 28. Kxh2 Rxd2+ 29. Kh3 Rxb2 30. Ra7 Rf8 31. Re1 h6 32. Rxe5 Rd8 33. g5 hxg5 34. Rxg5 g6 35. Rb7 Rdd2 36. Rgxb5 Rh2+ 37. Kg4 Rbf2 38. Rd5 Kg7 39. Rd8 Rh5 40. c4 Rc5 41. Rd4 Kh6 42. Kh3 Rh5+ 43. Rh4 Rxh4+ 44. Kxh4 f5 45. Kh3 g5 46. Rb6+ Kh5 47. g4+ fxg4+ 48. Kg3 Rf3+ 49. Kg2 Rc3 50. Rb8 Rc2+ 51. Kg3 Rc3+ 52. Kg2 g3 53. Kh3 g2+ 54. Kxg2 Kg4 55. Rb2 Rxc4 56. Ra2 1/2-1/2

[Event "Voronezh op-B 11th"]
[Site "Voronezh"]
[Date "2007.06.14"]
[Round "3"]
[White "Demikhov, Vladislav"]
[Black "Uzhva, Andrey Nikolaevich"]
[Result "0-1"]
[WhiteElo "2148"]
[BlackElo "2244"]
[PlyCount "57"]
[EventDate "2007.06.12"]
[EventType "swiss"]
[EventRounds "9"]
[EventCountry "RUS"]
[SourceTitle "EXT 2010"]
[Source "ChessBase"]
[SourceDate "2010.11.25"]
[SourceVersion "1"]
[SourceVersionDate "2010.11.25"]
[SourceQuality "1"]

1. g3 Nf6 2. Bg2 c5 3. d3 d5 4. Nd2 Nc6 5. Ngf3 e6 6. 0-0 Be7 7. e4 0-0 8. c3 b6 9. e5 Nd7 10. d4 Qc7 11. a3 b5 12. Re1 b4 13. axb4 cxd4 14. Nxd4 Nxd4 15. cxd4 Bxb4 16. Re3 a5 17. f4 Nb6 18. Qh5 Qc2 19. Ne4 Nc4 20. f5 Nxe3 21. Bxe3 dxe4 22. f6 Bd2 23. Bg5 Ba6 24. fxg7 Rfc8 25. h4 Qxb2 26. Rd1 Rc1 27. Rxc1 Qxc1+ 28. Kh2 Bxg5 29. hxg5 0-1

[Event "Voronezh-ch"]
[Site "Voronezh "]
[Date "2007.03.10"]
[Round "6"]
[White "Provkin, Vladimir"]
[Black "Demikhov, Vladislav"]
[Result "1-0"]
[WhiteElo "2317"]
[BlackElo "2148"]
[PlyCount "43"]
[EventDate "2007.03.03"]
[EventType "swiss"]
[EventRounds "9"]
[EventCountry "RUS"]
[SourceTitle "EXT 2008"]
[Source "ChessBase"]
[SourceDate "2007.11.25"]
[SourceVersion "1"]
[SourceVersionDate "2007.11.25"]
[SourceQuality "1"]

1. d4 d6 2. e4 Nf6 3. Nc3 g6 4. Bg5 h6 5. Bxf6 exf6 6. Bd3 c6 7. Nge2 Bg7 8. 0-0 0-0 9. f4 d5 10. f5 g5 11. Kh1 Na6 12. exd5 Nb4 13. Bc4 Nxd5 14. Nxd5 cxd5 15. Bb3 a5 16. a4 Qd6 17. Nc3 Bd7 18. Nxd5 Rfe8 19. c4 b6 20. c5 bxc5 21. dxc5 Qxc5 22. Qd2 1-0